LIBRARY & INFORMATION CENTRE, KCAET, TAVANUR

ONLINE PUBLIC ACCESS CATALOGUE (OPAC)

Vertebrate zoology:introduction to the comparative anatomy embriology and evolution of chordate animals / (Record no. 10506)

MARC details
000 -LEADER
fixed length control field 00451cam a2200145ua 4500
041 ## - LANGUAGE CODE
Language code of text/sound track or separate title eng
082 ## - DEWEY DECIMAL CLASSIFICATION NUMBER
Classification number 596.04
Item number BEE/VE
100 ## - MAIN ENTRY--AUTHOR NAME
Personal name Beer, Gavin .
245 ## - TITLE STATEMENT
Title Vertebrate zoology:introduction to the comparative anatomy embriology and evolution of chordate animals /
260 ## - PUBLICATION, DISTRIBUTION, ETC. (IMPRINT)
Place of publication London :
Name of publisher Sidgwick & Jackson Ltd ,
Year of publication 1962.
300 ## - PHYSICAL DESCRIPTION
Number of Pages 435 :
Other physical details 506 ; .
942 ## - ADDED ENTRY ELEMENTS (KOHA)
Koha item type Books
Holdings
Withdrawn status Lost status Damaged status Home library Current library Date acquired Full call number Accession Number Koha item type
Withdrawn     KAUAET Sanskrit University 07/04/2012 596.04 5711 Books
free website counter